000 00640nam a2200277Ia 4500
005 20260324125433.0
008 008 260324s9999 xx 000 0 eng d
020 _a9781315601229
037 _aEBOOK
040 _aCRL
040 _beng
040 _cCRL
041 _2eng
041 _aeng
084 _qCRL
100 _aBeat Kümin
_91177980
245 0 _aPolitical Space in Pre-industrial Europe
260 _bTaylor and Francis
260 _c2009
365 _a
365 _b240
856 _uhttp://www.taylorfrancis.com/books/9781315601229
942 _cEBOOK
999 _c1773234
_d1773234